[Event "Stay Safe Play From Home 184"]
[Site "T#646426Emanuel Laske"]
[Date "2020.05.29"]
[Round "3"]
[White "Lucknow"]
[Black "Grizzzly"]
[Result "1-0"]
[WhiteElo "1886"]
[BlackElo "1724"]
[Annotator "NA RC"]
[PlyCount "113"]
[EventDate "2020.05.29"]
[EventType "swiss (blitz)"]

1. d4 {[%emt 0:00:01]} d5 {[%emt 0:00:01]} 2. c4 {[%emt 0:00:00]} e6 {[%emt 0:00:00]} 3. e3 {[%emt 0:00:00]} Nf6 {[%emt 0:00:01]} 4. Nf3 {[%emt 0:00:00]} Bb4+ {[%emt 0:00:01]} 5. Bd2 {[%emt 0:00:01]} Bxd2+ {[%emt 0:00:00]} 6. Qxd2 {[%emt 0:00:00]} Nbd7 {[%emt 0:00:00]} 7. Bd3 {[%emt 0:00:00]} O-O {[%emt 0:00:00]} 8. O-O {[%emt 0:00:01]} c5 {[%emt 0:00:00]} 9. Nc3 {[%emt 0:00:01]} cxd4 {[%emt 0:00:01]} 10. exd4 {[%emt 0:00:00]} dxc4 {[%emt 0:00:00]} 11. Bxc4 {[%emt 0:00:01]} b6 {[%emt 0:00:00]} 12. Be2 {[%emt 0:00:01]} Bb7 {[%emt 0:00:00]} 13. Rfd1 {[%emt 0:00:01]} Rc8 {[%emt 0:00:00]} 14. Na4 {[%emt 0:00:02]} Qc7 {[%emt 0:00:01]} 15. Rac1 {[%emt 0:00:01]} Qb8 {[%emt 0:00:01]} 16. Nc3 {[%emt 0:00:01]} Nd5 {[%emt 0:00:02]} 17. a3 {[%emt 0:00:00]} Nxc3 {[%emt 0:00:03]} 18. Rxc3 {[%emt 0:00:00]} Rxc3 {[%emt 0:00:02]} 19. Qxc3 {[%emt 0:00:00]} Rc8 {[%emt 0:00:01]} 20. Qd2 {[%emt 0:00:00]} Qc7 {[%emt 0:00:01]} 21. h3 {[%emt 0:00:02]} Qc2 {[%emt 0:00:01]} 22. Ne5 {[%emt 0:00:03]} Qxd2 {[%emt 0:00:01]} 23. Rxd2 {[%emt 0:00:00]} Nxe5 {[%emt 0:00:01]} 24. dxe5 {[%emt 0:00:01]} Bd5 {[%emt 0:00:01]} 25. Bd3 {[%emt 0:00:02]} g6 {[%emt 0:00:01]} 26. Kh2 {[%emt 0:00:01]} Kg7 {[%emt 0:00:01]} 27. Kg3 {[%emt 0:00:01]} h5 {[%emt 0:00:01]} 28. f4 {[%emt 0:00:01]} f6 {[%emt 0:00:02]} 29. Kf2 {[%emt 0:00:00]} fxe5 {[%emt 0:00:01]} 30. fxe5 {[%emt 0:00:01]} Re8 {[%emt 0:00:01]} 31. Be2 {[%emt 0:00:02]} Rf8+ {[%emt 0:00:01]} 32. Kg3 {[%emt 0:00:01]} Rf5 {[%emt 0:00:01]} 33. Bf3 {[%emt 0:00:02]} Bxf3 {[%emt 0:00:01]} 34. gxf3 {[%emt 0:00:00]} Rxe5 {[%emt 0:00:01]} 35. Rd7+ {[%emt 0:00:01]} Kf6 {[%emt 0:00:01]} 36. Rxa7 {[%emt 0:00:00]} Re2 {[%emt 0:00:01]} 37. b4 {[%emt 0:00:01]} Ra2 {[%emt 0:00:01]} 38. a4 {[%emt 0:00:01]} Ke5 {[%emt 0:00:01]} 39. a5 {[%emt 0:00:01]} bxa5 {[%emt 0:00:01]} 40. bxa5 {[%emt 0:00:00]} Kd4 {[%emt 0:00:00]} 41. a6 {[%emt 0:00:00]} e5 {[%emt 0:00:01]} 42. Ra8 {[%emt 0:00:01]} e4 {[%emt 0:00:00]} 43. fxe4 {[%emt 0:00:01]} Kxe4 {[%emt 0:00:00]} 44. a7 {[%emt 0:00:00]} g5 {[%emt 0:00:01]} 45. Re8+ {[%emt 0:00:01]} Kd3 {[%emt 0:00:01]} 46. a8=Q {[%emt 0:00:00]} Rxa8 {[%emt 0:00:01]} 47. Rxa8 {[%emt 0:00:00]} h4+ {[%emt 0:00:00]} 48. Kg4 {[%emt 0:00:01]} Ke3 {[%emt 0:00:01]} 49. Kxg5 {[%emt 0:00:01]} Kf3 {[%emt 0:00:00]} 50. Kxh4 {[%emt 0:00:01]} Kg2 {[%emt 0:00:01]} 51. Rg8+ {[%emt 0:00:01]} Kh2 {[%emt 0:00:00]} 52. Kg4 {[%emt 0:00:01]} Kg1 {[%emt 0:00:02]} 53. h4 {[%emt 0:00:00]} Kf2 {[%emt 0:00:00]} 54. h5 {[%emt 0:00:00]} Ke2 {[%emt 0:00:00]} 55. h6 {[%emt 0:00:00]} Kd2 {[%emt 0:00:00]} 56. h7 {[%emt 0:00:00]} Kc2 {[%emt 0:00:00]} 57. h8=Q {[%emt 0:00:00] Grizzzly gibt auf (Lag: Av=0.33s, max=0.6s)} 1-0

[Event "Stay Safe Play From Home 184"]
[Site "T#646426Emanuel Laske"]
[Date "2020.05.29"]
[Round "3"]
[White "Justwatch"]
[Black "Little champs"]
[Result "0-1"]
[WhiteElo "1705"]
[BlackElo "2103"]
[Annotator "TA"]
[PlyCount "88"]
[EventDate "2020.05.29"]
[EventType "swiss (blitz)"]

{[%evp 9,88,3,0,0,28,0,0,-9,33,-17,-2,-34,44,-175,-166,-176,-174,-178,-157,-266,-269,-251,-246,-298,-235,-274,-266,-264,-271,-289,-240,-391,-261,-285,-252,-239,-208,-201,-197,-238,-25,-184,-91,-72,-76,-70,0,0,0,-209,-107,-2014,-1691,-29968,-29970,-29970,-29968,-29971,-29969,-29975,-29975,-29977,-29977,-29976,-29978,-29980,-29981,-29982,-29982,-29982,-29982,-29983,-29984,-29984,-29985,-29985,-29986,-29986,-29987,-29987,-29988]} 1. e4 c6 2. Nf3 d5 3. exd5 cxd5 4. d4 Nc6 5. Be3 Nf6 6. Nbd2 {[#] B13: Caro-Kann: Exchange Variation and Panov-Botvinnik Attack.} Ng4 $146 ({Predecessor:} 6... Bg4 7. c3 e6 8. Be2 Bd6 9. O-O O-O 10. Re1 Qc7 11. h3 Bh5 12. Qc2 Rfc8 {0-1 (32) Alaissaoui,A-Galvez Extremera,F (2142) Chefchaouen 2018}) 7. Bb5 Nxe3 8. fxe3 {And now Ne5 would win.The position is equal.} Qb6 9. Bxc6+ bxc6 10. O-O Ba6 (10... g6 $15) 11. b3 $2 {[#]} (11. Ne5 $14 f6 12. Qh5+ g6 {[#]} 13. Nxg6 $1 {[%mdl 512]} hxg6 14. Qxh8) 11... Bxf1 $19 12. Qxf1 e6 13. Qd3 Bd6 14. Ne5 (14. c4 $17 {was necessary.}) 14... Bxe5 15. dxe5 O-O 16. c4 f6 17. cxd5 cxd5 18. exf6 Rxf6 ({Resist} 18... gxf6 19. Nf3 $19) 19. Nf3 Raf8 20. Ng5 $2 (20. Rc1) 20... g6 21. Nf3 Rf5 22. Rc1 Rxf3 23. gxf3 Rxf3 {[%mdl 4096] Endgame KQR-KQR} 24. Re1 d4 $2 (24... Qb4 $19 25. Re2 Qg4+ 26. Rg2 Qb4) 25. Kg2 $2 (25. Qxd4 $11 Qa5 26. Rc1) 25... Rxe3 (25... Qb7 $19 {is more deadly. ( -> ...Rxe3+)} 26. Kg1 dxe3 27. Qd8+ Rf8) 26. Rxe3 $17 dxe3 $19 {KQ-KQ} 27. Kf3 Kf7 (27... Qc7 $15 28. Qxe3 e5) 28. Qd7+ $11 Kf6 29. Qd3 $2 {Black keeps a firm grip on the game.} (29. Qxh7 $11 Qc6+ 30. Kxe3) 29... Qc5 ({Black should try} 29... h5 $19 30. Qxe3 Qxe3+ 31. Kxe3 g5) 30. h3 $2 {[%mdl 8192]} (30. Qd8+ $17 Kf5 31. Qh4 Qc6+ 32. Kxe3 Qc3+ 33. Ke2) 30... Qf5+ 31. Ke2 Qxd3+ {Black mates.} 32. Kxd3 {KP-KP} Ke5 33. Kxe3 g5 34. a3 h5 35. Kf3 Kd5 36. Ke3 e5 37. a4 a5 38. Kf3 Kc5 39. Ke4 Kb4 40. Kxe5 Kxb3 41. Kf5 g4 42. hxg4 hxg4 43. Kxg4 Kxa4 44. Kf3 Kb3 {Accuracy: White = 37%, Black = 55%.} 0-1

[Event "Stay Safe Play From Home 184"]
[Site "T#646426Emanuel Laske"]
[Date "2020.05.29"]
[Round "4"]
[White "Broken sword"]
[Black "Rogan"]
[Result "1-0"]
[WhiteElo "2505"]
[BlackElo "2282"]
[Annotator "TA"]
[PlyCount "117"]
[EventDate "2020.05.29"]
[EventType "swiss (blitz)"]

{[%evp 9,117,0,0,3,5,0,15,0,8,8,27,0,0,-4,13,0,10,0,14,16,35,39,102,0,0,0,0,0,0,-8,11,0,20,0,0,0,56,-31,56,56,56,56,150,0,0,0,14,24,29,0,13,0,0,0,0,0,0,0,0,0,0,0,0,0,0,0,0,0,0,0,0,-35,0,0,8,8,8,8,8,8,8,0,0,0,8,0,452,0,43,43,43,-8,43,6,43,43,43,43,29977,29978,29977,29978,29978,29979,29979,29980,29981,29982,29983,29984]} 1. d4 d5 2. c3 c6 3. Nf3 Nf6 4. Qb3 Qb6 5. Bf4 Bf5 6. Nbd2 {D02: 1 d4 d5 2 Nf3 sidelines, including 2...Nf6 3 g3 and 2...Nf6 3 Bf4.} Nbd7 7. h3 Ne4 8. e3 {The position is equal.} Nxd2 9. Nxd2 e6 10. Be2 Be7 11. O-O O-O {[#]} 12. Rfe1 $146 ({Predecessor:} 12. Nf3 Rfe8 13. Ne5 Rad8 14. Nxd7 Rxd7 15. Rfd1 Bd6 16. Bxd6 Rxd6 17. Qxb6 axb6 18. Bd3 Bxd3 19. Rxd3 f6 20. Re1 e5 21. dxe5 {½-½ (21) Bakalarz,M (2308)-Poley,V (2326) Agneaux 2013}) 12... Nf6 13. Bf3 (13. a4 {is more complex.} Ne4 14. Qxb6 axb6 15. Nxe4 Bxe4 16. Bc7) 13... Ne4 (13... Rfd8 {with more complications.} 14. Be2 Rf8) 14. Nxe4 Bxe4 15. Bxe4 Qxb3 {[#]} ({Black should play} 15... dxe4 $14 16. Red1 Qxb3 17. axb3 Rfd8) 16. axb3 (16. Bxh7+ $1 $16 {[%mdl 512]} Kxh7 17. axb3) 16... dxe4 $11 17. b4 a6 18. f3 exf3 19. gxf3 f5 20. Bg3 Bg5 21. Bf2 Rae8 22. Kh2 e5 (22... Bf6 $11) 23. Rad1 (23. dxe5 $14 Rd8 24. Red1) 23... f4 (23... exd4 $15 24. Rxd4 g6) 24. e4 $14 exd4 25. Bxd4 Rd8 ({Better is} 25... Bh4 $14) 26. Bb6 (26. Rg1 $16 Bh6 27. h4) 26... Rxd1 $11 27. Rxd1 {[%mdl 4096] Endgame KRB-KRB} Rf7 28. Bc5 g6 29. Rd3 Kg7 30. Bd4+ Kf8 31. Bc5+ Ke8 32. Rd4 Rd7 33. Kg2 Rxd4 34. Bxd4 {KB-KB} Bh4 35. Kf1 Kf7 36. Be5 g5 37. Ke2 Ke6 38. Bb8 h5 39. Kd3 Bf2 40. c4 Be3 41. Bc7 b5 42. Bd8 g4 43. hxg4 hxg4 44. fxg4 Bc1 45. cxb5 axb5 46. Kc2 Be3 47. Bg5 Bd4 $2 {[%mdl 8192]} (47... Ke5 $11 {and Black stays safe.} 48. Kd3 Bc1) 48. b3 $2 ({White must play} 48. Bxf4 $18 {Bd2 is the strong threat.} Bf6 49. Bd2) 48... Be5 49. Kd3 Bd6 50. Bh4 (50. Ke2 $14) 50... f3 (50... Bxb4 $11 51. Bd8 Bc5) 51. Bf2 Bxb4 52. Ke3 Bd6 53. Kxf3 Ke5 $2 {[%mdl 8192] [#] Now Black is done in.} (53... c5 $14) 54. Bg3+ $1 {White mates.} Ke6 55. Bxd6 Kxd6 56. Kf4 c5 57. g5 c4 58. bxc4 b4 59. Ke3 {Accuracy: White = 82%, Black = 71%.} 1-0

[Event "Stay Safe Play From Home 184"]
[Site "T#646426Emanuel Laske"]
[Date "2020.05.29"]
[Round "4"]
[White "Eidgenosse"]
[Black "Lazieri3"]
[Result "1-0"]
[WhiteElo "2461"]
[BlackElo "2029"]
[Annotator "TA"]
[PlyCount "87"]
[EventDate "2020.05.29"]
[EventType "swiss (blitz)"]

{[%evp 9,86,22,52,39,79,13,18,11,27,31,21,0,106,0,72,69,64,72,75,47,42,31,131,122,131,122,119,114,157,155,160,155,198,189,311,180,286,284,336,305,280,252,253,253,250,254,262,181,265,198,287,199,195,183,223,223,279,264,297,254,361,356,423,329,1222,1279,1206,1116,1304,1293,1241,1223,1122,1075,6187,5987,5202,3734,29999]} 1. Nf3 c6 2. g3 d5 3. Bg2 Nf6 4. O-O Bf5 5. d3 Qc8 6. Re1 {A07: Réti Opening: New York and Capablanca Systems.} Bh3 7. Bh1 ({Better is} 7. e4 $16) 7... e6 $11 {[#]} 8. Nc3 $146 {The position is equal.} ({Predecessor:} 8. Nbd2 Bc5 9. d4 Be7 10. e4 h6 11. c4 Nbd7 12. cxd5 cxd5 13. exd5 Nxd5 14. Ne5 {0-1 (47) Baginskaite,C (2365)-Pruess,D (2351) Lindsborg 2002}) 8... Nbd7 9. e4 dxe4 10. dxe4 Bc5 {[#]} (10... e5 $11) 11. Qe2 (11. e5 $1 $16 {[%cal Re5f6]} Nd5 12. Ne4) 11... O-O (11... e5 $11 {remains equal.}) 12. e5 $16 Nd5 13. Ne4 Be7 14. Nfg5 Bf5 $1 15. Nd6 Qc7 {White now steadily converts the win.} (15... Bxd6 $1 $14 16. exd6 Qb8) 16. Nxf5 exf5 17. e6 $36 {[%mdl 2048] Black is under strong pressure.} Bxg5 18. Bxg5 {[#] Hoping for c4.} fxe6 19. Qxe6+ Kh8 20. Rad1 N7f6 21. c4 (21. Bxd5 cxd5 22. Bxf6 (22. Qxf5 Ne4 $14) 22... Rxf6 $16) (21. Qxf5 h6 $16) 21... Nb4 (21... Rae8 $142 22. Qxf5 (22. cxd5 Rxe6 23. dxe6 Re8 $11) 22... Rxe1+ 23. Rxe1 Nd7) 22. a3 ({Don't play} 22. Qxf5 Nxa2 23. Qc5 Qf7 $18) (22. Bxf6 $142 Rxf6 23. Qe7 Qxe7 24. Rxe7) 22... Na6 (22... Nd3 $142) 23. b4 $18 Ne4 24. Bf4 Qf7 25. Qxf7 Rxf7 26. Bxe4 fxe4 27. Rxe4 h6 28. h4 Raf8 (28... Nc7 {was called for.} 29. Be5 Ne8) 29. c5 Nb8 (29... Kg8 $142 30. Kg2 Nc7 31. Bxc7 Rxc7) 30. Bxb8 Rxb8 {[%mdl 4096] Endgame KRR-KRR} 31. f4 Rbf8 32. Rd6 Kg8 33. Kg2 Rc8 34. Kf3 Rcc7 (34... Ra8 $142 35. Red4 Re8) 35. h5 Kh7 36. g4 Rf6 $2 (36... Rf8 37. a4 Kg8) 37. Rxf6 gxf6 {KR-KR} 38. Re6 Kg7 39. Ke4 Rd7 40. Rd6 Re7+ 41. Kf5 Re3 42. Rd7+ Kf8 43. Kxf6 Rxa3 44. Rd8# {Accuracy: White = 69%, Black = 27%.} 1-0

[Event "Stay Safe Play From Home 184"]
[Site "T#646426Emanuel Laske"]
[Date "2020.05.29"]
[Round "4"]
[White "Tolka"]
[Black "SoulofWolf"]
[Result "1-0"]
[WhiteElo "2277"]
[BlackElo "2052"]
[Annotator "TA"]
[PlyCount "51"]
[EventDate "2020.05.29"]
[EventType "swiss (blitz)"]

{[%evp 9,51,17,29,26,52,45,43,26,43,18,24,25,18,8,13,12,36,0,23,17,51,33,48,20,48,37,56,0,8,0,161,162,475,471,29991,1300,1256,0,29991,29992,29992,29993,29994,29995]} 1. e4 e6 2. d4 d5 3. exd5 exd5 4. Nf3 Be7 5. Bd3 c6 6. O-O {[#] C01: French: Exchange Variation.} Nd7 $146 ({Predecessor:} 6... Nf6 7. Re1 O-O 8. h3 Nbd7 9. c4 dxc4 10. Bxc4 Nb6 11. Bb3 Nfd5 12. Ne5 Kh8 {1-0 (22) Werner,R (1639)-Becker,L (1641) Willingen 2018}) 7. Re1 Ngf6 8. Bf4 {White is slightly better.} O-O 9. h3 Re8 10. Nc3 Nf8 11. Ne2 Ng6 12. Bh2 Bd7 13. Nf4 Nxf4 14. Bxf4 h6 15. Qd2 Bf8 16. Ne5 Be6 17. Re2 c5 {Hoping for ...c4.} 18. dxc5 Bxc5 19. Rae1 Qb6 $2 (19... Ne4 $11 20. Bxe4 dxe4) 20. Bxh6 $1 $18 gxh6 $2 (20... Bf8) 21. Qxh6 Be7 (21... Bf8 $18 22. Qxf6 Qd8) 22. Qg5+ (22. Re3 $142 Ne4 23. Bxe4 Bf5 24. Rg3+ Bg5 25. Rxg5+ {[%mdl 64] Double Attack} Qg6 26. Nxg6 fxg6 27. Bxd5+ {[%mdl 64] Double Attack} Re6 28. Rxe6 Kf7 29. Rxf5+ $1 {[%mdl 512]} gxf5 30. Re5#) 22... Kf8 {[#]} 23. Qh6+ $40 {[%mdl 128] Black needs to defend precisely.} (23. Ng6+ $1 $18 {[%mdl 512]} fxg6 24. Qh6+ Kf7 25. Rxe6 Qxf2+ 26. Kxf2 Bc5+ 27. Kf3 Rxe6 28. Qxg6+ Ke7 29. Rxe6+ Kxe6 30. Bf5+ Ke5 31. Qg5) 23... Kg8 24. Re3 {White mates.} Ne4 25. Bxe4 dxe4 26. Rg3+ {Accuracy: White = 67%, Black = 53%.} 1-0

[Event "Stay Safe Play From Home 184"]
[Site "T#646426Emanuel Laske"]
[Date "2020.05.29"]
[Round "4"]
[White "Little champs"]
[Black "Mepe_Nika"]
[Result "1-0"]
[WhiteElo "2106"]
[BlackElo "2320"]
[Annotator "TA"]
[PlyCount "129"]
[EventDate "2020.05.29"]
[EventType "swiss (blitz)"]

{[%evp 9,129,0,0,0,2,0,0,0,0,0,0,-14,12,-9,-12,-10,-10,-10,-7,-12,-12,-16,0,8,24,0,16,0,8,2,4,13,20,0,26,23,28,34,45,31,43,16,30,8,18,0,0,0,0,0,0,-20,-28,-23,-8,-8,-9,-61,-12,-18,0,0,0,0,0,-65,0,0,449,417,481,439,879,881,867,810,2153,2101,1860,1849,29975,29975,29976,29977,29973,29977,29982,29983,29983,29984,29985,29986,29986,29987,29989,29990,29990,29988,29988,29989,29989,29990,29990,29991,29992,29993,29993,29994,29995,29994,29994,29995,29996,29993,29993,29993,29993,29993,29993,29994,29994,29994]} 1. d4 c5 2. e3 cxd4 3. exd4 d5 4. Nf3 Nc6 5. Be2 Bg4 6. O-O {B13: Caro-Kann: Exchange Variation and Panov-Botvinnik Attack.} e6 7. h3 Bh5 8. c3 {The position is equal.} Bd6 9. Nbd2 {[#]} Rc8 $146 ({Predecessor:} 9... Nf6 10. Ne5 Bxe2 11. Qxe2 O-O 12. f4 Qe7 13. Ng4 Ne4 14. Nxe4 dxe4 15. Ne5 f5 {0-1 (40) Barros,R (2019)-Escobar,C (1742) Ibague 2013}) 10. Re1 Bb8 11. Ne5 Bxe2 12. Qxe2 Nxe5 13. dxe5 Ne7 14. f4 O-O 15. Nf3 $1 a6 16. Be3 b5 17. Rad1 Qc7 18. g4 Ba7 19. Kg2 Bxe3 20. Qxe3 Qc5 21. Nd4 Nc6 22. f5 Nxd4 23. Rxd4 a5 24. f6 {White wants to mate with Qg5!} Rfd8 25. Qg5 {[%csl Gf6][%cal Rg5g7]} g6 26. h4 b4 27. Re3 bxc3 {[#]} 28. Qh6 $1 {[%csl Gf6][%cal Rh6g7][%mdl 512]} Qf8 29. Qxf8+ Kxf8 30. bxc3 $11 {[%mdl 4096] Endgame KRR-KRR} Rc5 31. h5 Rdc8 32. hxg6 hxg6 33. Rdd3 (33. g5 $11) 33... Ke8 34. Rh3 R5c7 35. Rh8+ Kd7 36. Rxc8 Rxc8 {KR-KR} 37. Kg3 (37. Rh3 $1 $11) 37... Rc4 (37... g5 $1 $15 38. Kf2 Rc4) 38. Kh4 {Kg5 is the strong threat.} Kc6 $2 {[%mdl 8192] White now steadily converts the win.} (38... Ke8 $1 $11 {and Black has nothing to worry.}) 39. Kg5 $18 Kc5 40. Kh6 Rxg4 (40... Kb5 $142 41. Kg7 Rc7) 41. Kg7 Kc4 42. Rd1 Kxc3 43. Kxf7 d4 44. Ke7 d3 45. f7 {White mates.} Rf4 46. f8=Q Rxf8 47. Kxf8 {KR-KP} g5 48. Ke7 g4 49. Kxe6 {KR-K3P} d2 50. Kf5 g3 51. Kf4 g2 52. Kf3 Kc2 {[#]} 53. Rxd2+ $1 {[%mdl 576] Promotion} Kxd2 54. Kxg2 {KPP-KP} Kc3 55. e6 Kb2 56. e7 a4 57. e8=Q Kxa2 58. Qxa4+ Kb2 59. Qf4 Kc3 60. Kf2 Kd3 61. Qe3+ Kc4 62. Kf3 Kd5 63. Qe4+ Kd6 64. Ke3 Kc5 65. Kd3 {Accuracy: White = 92%, Black = 73%.} 1-0

[Event "Stay Safe Play From Home 184"]
[Site "T#646426Emanuel Laske"]
[Date "2020.05.29"]
[Round "4"]
[White "The Next Contender"]
[Black "Lucknow"]
[Result "0-1"]
[WhiteElo "2011"]
[BlackElo "1896"]
[Annotator "TA"]
[PlyCount "128"]
[EventDate "2020.05.29"]
[EventType "swiss (blitz)"]

{[%evp 11,128,16,18,-8,14,-68,35,0,6,-3,8,7,35,33,114,0,18,-37,-47,-44,-27,-95,-40,-24,-7,-89,0,0,15,-7,443,-1554,-1530,-1402,-991,-1023,-889,-932,-931,-977,-921,-916,-903,-1205,-916,-1934,0,-1339,0,-1145,-140,-121,-112,-118,208,-272,-272,-272,-272,-262,647,647,643,642,643,642,628,628,627,627,1441,1427,1335,963,5739,921,29945,12848,29949,29944,29942,29943,11893,5535,5161,1519,919,0,29955,29957,29952,29958,29965,29964,29974,29974,29974,29976,29976,29975,29974,29975,29976,29977,29977,29978,29976,29979,29978,29980,29980,29981,29982,29983,29984,29980,29984,-6095,0]} 1. d4 d5 2. c4 c6 3. g3 Nf6 4. Bg2 e6 5. Nf3 Be7 6. O-O O-O 7. e3 {E06: Closed Catalan: Early deviations.} Nbd7 8. c5 {[#]} (8. b3 $11) 8... b5 $146 (8... b6 $15) ({Predecessor:} 8... b6 9. b4 bxc5 10. bxc5 Qc7 11. Nbd2 e5 12. Nb3 a5 13. a4 Ne4 14. Nfd2 Ndf6 {1-0 (44) Gutierrez Alfonso,J-Peinado Segovia,R (1335) Llinars del Valles 2012}) 9. b4 {White is slightly better.} a5 10. Bd2 axb4 11. Bxb4 Ng4 12. Nc3 e5 (12... Ngf6 $14) 13. dxe5 (13. h3 $16) 13... Ngxe5 $11 14. Nxe5 (14. Nd4 $11 Bb7 15. e4) 14... Nxe5 $15 15. a4 bxa4 16. Rxa4 (16. Nxa4 $11 {keeps the balance.} Bg4 17. Qc2) 16... Rxa4 (16... Ba6 $17 17. Re1 Bc4) 17. Qxa4 Bd7 18. Qb3 (18. Ne2 $11) 18... Nc4 (18... Bg4 $17) 19. Ne2 $11 Bf6 20. Rc1 {next e4 is good for White.} Nd2 $2 {[%mdl 8192]} (20... Qb8 $11 {and Black stays safe.}) 21. Nd4 $4 {[%mdl 8192]} (21. Bxd2 $18 Qa8 22. Qd3) 21... Nxb3 $19 22. Nxb3 Be5 {White must now prevent ...Qb8.} 23. Nd4 Bc7 24. Ra1 Qe7 25. Be1 Qf6 26. Ra7 Rc8 27. Nb3 Bf5 28. Na5 {[#]} Bd7 $2 (28... Qa1 $1 $19 29. Nb3 Qxa7) 29. Nb7 $2 {[%mdl 8192]} (29. Nb3 $11 Qb2 30. Nd4) 29... Bf5 $2 (29... Qb2 $19 30. Nd6 Qb1 $1 {[%mdl 512]}) 30. Nd6 $2 {[%mdl 8192]} (30. Na5 $11 Qa1 31. Bf1 Bxa5 32. g4) 30... Be4 $2 (30... Bxd6 $19 {has better winning chances.} 31. cxd6 Qb2) 31. Nxc8 $17 Bxg2 32. Kxg2 {[#]} g6 $2 {[%mdl 8192]} (32... Be5 $1 $17 {keeps the pressure on.} 33. Ra6 Qe6 34. Ne7+ Kf8 35. Nxc6 g6) 33. Nd6 $4 {[%mdl 8192]} (33. Rxc7 $18 Qa1 34. Bb4 (34. Rxc6 Qxe1 35. Nd6 Qa5 $14)) 33... Bxd6 $19 34. cxd6 Qxd6 {[%mdl 4096] Endgame KQ-KRB} 35. Bc3 {And now Ra8+ would win.} c5 $4 {[%mdl 8192]} (35... Kf8 $19 36. Ra8+ Ke7) 36. Ra8+ $18 Qf8 37. Rxf8+ Kxf8 {KB-KP} 38. Kf1 Ke7 39. Ke2 Ke6 40. Kd3 f5 41. f3 Kd6 42. Bg7 Kc6 43. Kc3 (43. h4 $142 Kb5 44. Bf8) 43... Kb5 44. h4 (44. f4 $142 Ka4 45. Bd4 Kb5 46. Be5 Kc6 47. Kb3 Kb5 48. Bc3 Kc6 49. Ba1) 44... Kc6 45. f4 Kb5 46. Kb3 Ka5 47. Bc3+ Kb5 48. Bd2 (48. Be1 $142 Kc6 49. Bd2) 48... Kc6 49. Ka4 $2 ({Only move:} 49. Be1 $18 {Threatens to win with Ba5.} Kb5 50. Bc3) 49... Kb6 $2 {[%mdl 8192]} (49... d4 $11) 50. Bc3 Kc6 51. Ka5 Kd6 52. Kb5 d4 53. exd4 cxd4 54. Bxd4 {KB-K3P} Kd5 55. Bf2 Ke4 56. Kc6 Kf3 57. Be1 Ke2 58. Bb4 Kf2 59. Be7 Kxg3 60. Bg5 Kg4 61. Kd7 Kh5 62. Ke7 h6 63. Bf6 g5 {[#]} 64. Kf7 $4 {[%mdl 8192]} (64. Bxg5 $1 {avoids the disaster.} hxg5 65. hxg5 Kh4 66. Kf6 Kg4 67. Ke5 Kf3 68. Kxf5 Kg3 69. g6) 64... gxf4 $2 {[%mdl 32768] What a bad dream for White. Accuracy: White = 54%, Black = 45%. . Loss on time!?} (64... gxh4 $19 65. Bd4 h3) 0-1

[Event "Stay Safe Play From Home 184"]
[Site "T#646426Emanuel Laske"]
[Date "2020.05.29"]
[Round "4"]
[White "Grizzzly"]
[Black "Germanicus G"]
[Result "1-0"]
[WhiteElo "1714"]
[BlackElo "1263"]
[Annotator "NA RC"]
[PlyCount "47"]
[EventDate "2020.05.29"]
[EventType "swiss (blitz)"]

1. d4 {[%emt 0:00:01]} e6 {[%emt 0:00:01]} 2. c4 {[%emt 0:00:01]} b6 {[%emt 0:00:01]} 3. Nc3 {[%emt 0:00:00]} Bb7 {[%emt 0:00:01]} 4. e4 {[%emt 0:00:00]} Bb4 {[%emt 0:00:02]} 5. Bd3 {[%emt 0:00:01]} Bxc3+ {[%emt 0:00:01]} 6. bxc3 {[%emt 0:00:01]} Nf6 {[%emt 0:00:01]} 7. Qc2 {[%emt 0:00:00]} d6 {[%emt 0:00:01]} 8. Nf3 {[%emt 0:00:01]} Nbd7 {[%emt 0:00:01]} 9. O-O {[%emt 0:00:00]} Qe7 {[%emt 0:00:02]} 10. Bg5 {[%emt 0:00:01]} e5 {[%emt 0:00:01]} 11. dxe5 {[%emt 0:00:01]} dxe5 {[%emt 0:00:02]} 12. Rad1 {[%emt 0:00:01]} O-O {[%emt 0:00:02]} 13. Qd2 {[%emt 0:00:01]} Nc5 {[%emt 0:00:02]} 14. Bb1 {[%emt 0:00:02]} Rad8 {[%emt 0:00:02]} 15. Qe3 {[%emt 0:00:03]} h6 {[%emt 0:00:14]} 16. Bxf6 {[%emt 0:00:05]} Qxf6 {[%emt 0:00:02]} 17. Rfe1 {[%emt 0:00:04]} Ba6 {[%emt 0:00:02]} 18. Qe2 {[%emt 0:00:06]} Qe7 {[%emt 0:00:04]} 19. Nd2 {[%emt 0:00:02]} f6 {[%emt 0:00:02]} 20. Nb3 {[%emt 0:00:01]} Bb7 {[%emt 0:00:06]} 21. Nxc5 {[%emt 0:00:02]} Qxc5 {[%emt 0:00:02]} 22. Rd3 {[%emt 0:00:05]} Ba6 {[%emt 0:00:04]} 23. Rxd8 {[%emt 0:00:01]} Rxd8 {[%emt 0:00:03]} 24. Bd3 {[%emt 0:00:02] Zeit (Lag: Av=0.16s, max=0.2s)} 1-0

[Event "Stay Safe Play From Home 184"]
[Site "T#646426Emanuel Laske"]
[Date "2020.05.29"]
[Round "4"]
[White "Trotsky"]
[Black "Weltszmerc"]
[Result "0-1"]
[WhiteElo "1559"]
[BlackElo "2048"]
[Annotator "TA"]
[PlyCount "44"]
[EventDate "2020.05.29"]
[EventType "swiss (blitz)"]

{[%evp 9,44,-527,11,-38,-39,-47,-45,-70,-70,-156,-147,-129,-128,-131,-62,-190,-67,-62,-52,-147,-127,-136,-133,-163,-155,-166,-60,-68,-85,-96,-100,-576,-293,-282,-185,-1170,-1240]} 1. d4 Nf6 2. e3 b6 3. c4 Bb7 4. Nc3 e6 5. Bd3 d5 $2 (5... Bxg2 $19 6. e4 Bxh1) 6. f3 {[#] A45: Trompowsky Attack.} dxc4 $146 ({Predecessor:} 6... Nbd7 7. Nge2 c5 8. O-O Be7 9. cxd5 Nxd5 10. a3 O-O 11. e4 Nc7 12. Be3 cxd4 13. Nxd4 {1-0 (28) Zuehlke,B (1912)-Balle,A (1861) Bayern 2017}) 7. Bxc4 a6 8. Qc2 {Black is slightly better.} c5 9. Bd3 (9. Qf2 $15) 9... cxd4 10. exd4 Nc6 11. Be3 Nb4 ({Black should try} 11... Nxd4 $17 12. Qa4+ Nc6) 12. Qb1 {[#]} (12. Qd2 $15) 12... Nxd3+ (12... Ng4 $1 $19 {[%mdl 512]} 13. fxg4 Nxd3+ 14. Kf1 Qf6+ 15. Nf3 Bxf3) 13. Qxd3 $15 Rc8 14. O-O-O (14. Nge2 $15) 14... b5 {[%cal Bb6b5,Bb5b4][%mdl 32] And now ...b4 would win.} 15. Kb1 b4 16. Ne4 {[#]} Nxe4 $1 17. fxe4 {[#]} Qa5 ({Better is} 17... f5 $1 $19 {[%mdl 512]} 18. exf5 Bxg2) 18. Ne2 Be7 19. h4 O-O $40 {[%mdl 128] Strongly threatening ...f5. Black has strong attack.} 20. Ng1 $2 {[%mdl 8192]} (20. Nf4 $17 {is more resistant.}) 20... Bc6 {White must now prevent ...f5.} 21. Nf3 Bb5 22. Ng5 $2 (22. Qd2) 22... Bxd3+ {Accuracy: White = 27%, Black = 53%.} 0-1